| 000 | 01006nam a2200265 i 4500 | ||
|---|---|---|---|
| 001 | 14888 | ||
| 003 | ES-MaACL | ||
| 005 | 20250828094149.0 | ||
| 007 | t| | ||
| 008 | 990630s1998 sp ||||1| spa d | ||
| 020 | _a84-88861-65-8 | ||
| 080 | _a946.9"19" | ||
| 080 | _a325.86"19" | ||
| 100 | 1 |
_aSánchez Cervelló, Josep. _9102544 |
|
| 245 | 1 | 3 |
_aEl último imperio occidental _b: la descolonización portuguesa (1974-1975) / _cJosep Sánchez Cervelló. |
| 260 |
_aMérida : _bUniversidad Nacional de Educación a Distancia, Centro Regional de Extremadura, _c1998. |
||
| 300 |
_a171 p. ; _c21 cm. |
||
| 490 | 1 |
_aCuadernos de Estudios Luso-Españoles ; _v2 |
|
| 650 | 0 | 0 |
_aDescolonización. _911823 |
| 651 | 4 |
_aPortugal- _xHistoria- _yS.XX. _99264 |
|
| 710 | 2 |
_aUniversidad Nacional de Educación a Distancia (España). _bCentro Regional de Extremadura _97412 |
|
| 830 | 0 |
_aCuadernos de Estudios Luso-Españoles ; _v2 _9179693 |
|
| 852 |
_aES-MaACL _jL-22039 _bR.127003 |
||
| 999 |
_c14888 _d14888 |
||